000 00521nam a22001697a 4500
005 20251108171111.0
008 250721s9999 xx 000 0 ara d
082 1 4 _aم/811.63/اند
100 1 _aالأندلسي، أبو القاسم محمد بن هاني
245 1 0 _aديوان إبن هاني الأندلسي /
264 1 _aبيروت :
_bدار صادر،
_c[19-].
300 _a391ص
650 1 7 _aالشعر العربي
650 1 7 _aالعصر الاندلسي
942 _2ddc
_cREF
999 _c56594
_d56594